Score 0/20 Timer 06:00
3 Plays Today
% Correct
The Good Place
75.6%
This Is Us
53.4%
Designated Survivor
49.3%
Kevin Can Wait
41.5%
Lethal Weapon
38%
Bull
34.9%
Speechless
32.7%
Timeless
32.5%
Pitch
30.2%
Man with a Plan
27.4%
% Correct
Son of Zorn
27.3%
MacGyver
26.7%
American Housewife
25.2%
The Great Indoors
22.4%
Frequency
20.4%
Conviction
15.1%
Pure Genius
10%
The Exorcist
9.8%
Notorious
9.5%
No Tomorrow
6.7%
Remove Ads.
Support Sporcle.
Get the best of Sporcle when you Go Orange. This ad-free experience offers more features, more stats, and more fun while also helping to support Sporcle. Thank you for becoming a member.

You're not logged in!

Compare scores with friends on all Sporcle quizzes.
OR
Log In

Show Comments

Extras

Top Quizzes Today


Score Distribution

Your Account Isn't Verified!

In order to create a playlist on Sporcle, you need to verify the email address you used during registration. Go to your Sporcle Settings to finish the process.

Report this User

Report this user for behavior that violates our Community Guidelines.

Details: